|
|
|
|
| LEADER |
00000nab a2200000 a 4500 |
| 001 |
vtls000638339 |
| 003 |
SK-MaSNL |
| 005 |
20260304094820.0 |
| 008 |
250425c1997 xo 0 slo |
| 015 |
|
|
|a SNBRB19rr/mm-uuuuu
|
| 035 |
|
|
|a CL0638478
|
| 035 |
|
|
|a urn:nbn:sk:snk-abbr7g
|
| 035 |
|
|
|a (urnnbn)urn:nbn:sk:snk:ar-0000uv
|
| 035 |
|
|
|a (uuid)513c239e-0f36-4007-9176-ee1a925c6625
|
| 040 |
|
|
|a SNKBUCL
|b slo
|c SNKBUCL
|e AACR2
|
| 041 |
0 |
|
|a slo
|
| 044 |
|
|
|a xo
|c SK
|
| 080 |
|
|
|a 82(091):885.4"18"
|2 1981
|
| 080 |
|
|
|a 885.4(091)"18"
|2 1981
|
| 100 |
1 |
|
|a Horák, Karol,
|d 1943-
|4 aut
|9 103283
|
| 245 |
1 |
0 |
|a Malé úvahy nad veľkým dielom
|b (poznámky nielen k dramatizácii eposu J. Záborského Vstúpenie Krista do Raja)
|c Karol Horák
|
| 500 |
|
|
|a Inform. o aut.
|
| 600 |
1 |
7 |
|a Záborský, Jonáš
|d 1812-1876
|t Vstúpenie Krista do raja
|x úvahy
|2 snkbucl
|9 1391543
|
| 655 |
|
7 |
|a články z novín a časopisov
|2 snkbucl
|9 267496
|
| 773 |
0 |
|
|t Romboid
|g Roč. 32, č. 5-6 (1997), s. 17-21
|x 0231-6714
|
| 850 |
|
|
|a Slovenská národná knižnica
|
| 852 |
|
|
|a Slovenská národná knižnica
|
| 958 |
|
|
|a article15
|
| 958 |
|
|
|a LX
|
| 958 |
|
|
|a SK
|
| 958 |
|
|
|a RK
|
| 958 |
|
|
|a OND
|
| 958 |
|
|
|a EUIPO
|
| 992 |
|
|
|a RBX
|
| 999 |
|
|
|c 2829106
|d 2831036
|